000
00220 a2200097 4500
001
57046
100
_a
245
_a
My First Question and Answer
260
_a
China
_b
Miles kelly
_c
2007
090
_c
34975
_d
34975
942
_a
NUST-CAE
_c
MONOGRAPH
_c
27752
999
_c
292119
_d
292119